| 000 | 01135nam a2200301 a 4500 | ||
|---|---|---|---|
| 001 | 000112982 | ||
| 003 | CHAP | ||
| 005 | 20220329144331.0 | ||
| 008 | 170307s2016 mx sm |||||||spa d | ||
| 010 | _a109443 | ||
| 011 | _a110415 | ||
| 040 | _cCHAP | ||
| 090 | _aTesis | ||
| 100 | 1 |
_aMárquez Rodríguez, Aldo Guerrero _9131671 |
|
| 245 | 1 | 0 |
_aEvaluación de tres métodos de cría de abejas reinas (Apis mellifera) en URUZA - UACH _h[En línea] _cpor Aldo Guerrero Márquez Rodríguez. |
| 260 |
_aDurango, Méx. : _bEl autor, _c2016. |
||
| 500 | _aPara ver el contenido del material haga clic en la liga | ||
| 502 | _aTesis (Ing. en Sistemas Pecuarios) -- UACH. Unidad Regional Universitaria de Zonas Áridas | ||
| 590 |
_aE5765TAJ _b05 _c20170307 _lUCH01 _h0927 |
||
| 590 |
_aE5765TAJ _b05 _c20170307 _lUCH01 _h0928 |
||
| 650 | 1 | 4 |
_aAbejas reina _xCría. _9131672 |
| 650 | 1 | 4 |
_aAbejas reina _xHábitos y conducta. _9131673 |
| 650 | 1 | 4 |
_aAbejas reina _xMétodos de mejoramiento genético. _9131674 |
| 856 |
_aFinding aid _uhttp://10.13.5.2/tesis/sist112982.pdf _zTeclea aquí |
||
| 901 | _aBK | ||
| 942 | _cTESIS | ||
| 942 | _n0 | ||
| 999 |
_c109443 _d109443 |
||